| 000 -LEADER |
| fixed length control field |
00970nam a2200241Ia 4500 |
| 001 - CONTROL NUMBER |
| control field |
534 |
| 003 - CONTROL NUMBER IDENTIFIER |
| control field |
GE_BSU |
| 008 - FIXED-LENGTH DATA ELEMENTS--GENERAL INFORMATION |
| fixed length control field |
181216s||||||||xx |||||||||||||| ||und|| |
| 020 ## - INTERNATIONAL STANDARD BOOK NUMBER |
| International Standard Book Number |
9789941010880 |
| 040 ## - CATALOGING SOURCE |
| Transcribing agency |
GE_BSU |
| 080 ## - UNIVERSAL DECIMAL CLASSIFICATION NUMBER |
| Universal Decimal Classification number |
616.31(075.8) |
| 100 ## - MAIN ENTRY--PERSONAL NAME |
| Personal name |
გოგილაშვილი,ქეთევან |
| 245 ## - TITLE STATEMENT |
| Title |
ენდოდონტიის საფუძვლები |
| 245 ## - TITLE STATEMENT |
| Remainder of title |
სახელმძღვანელო სტომატოლოგიის ფაკ–ის სტუდენტებისათვის |
| 245 ## - TITLE STATEMENT |
| Statement of responsibility, etc. |
რედ. ქეთევან გოგილაშვილი |
| 260 ## - PUBLICATION, DISTRIBUTION, ETC. |
| Place of publication, distribution, etc. |
თბილისი |
| 260 ## - PUBLICATION, DISTRIBUTION, ETC. |
| Name of publisher, distributor, etc. |
თბილისის სახ. სახ. სამედიცინო უნ–ტის გამ–ბა |
| 260 ## - PUBLICATION, DISTRIBUTION, ETC. |
| Date of publication, distribution, etc. |
2009 |
| 300 ## - PHYSICAL DESCRIPTION |
| Extent |
254გვ. |
| 653 ## - INDEX TERM--UNCONTROLLED |
| Uncontrolled term |
ენდოდონტიის საფუძვლები |
| 942 ## - ADDED ENTRY ELEMENTS (KOHA) |
| Koha item type |
წიგნი |